Kallak kadali (Record no. 1044807)

MARC details
000 -LEADER
fixed length control field 00566nam a2200229Ia 4500
003 - CONTROL NUMBER IDENTIFIER
control field OSt
005 - DATE AND TIME OF LATEST TRANSACTION
control field 20221005122616.0
008 - FIXED-LENGTH DATA ELEMENTS--GENERAL INFORMATION
fixed length control field 221004b |||||||| |||| 00| 0 mar d
037 ## - SOURCE OF ACQUISITION
Terms of availability Textual
040 ## - CATALOGING SOURCE
Original cataloging agency CRL
Transcribing agency CRL
Language of cataloging mar
041 ## - LANGUAGE CODE
Source of code mar
Language code of text/sound track or separate title mar
100 ## - MAIN ENTRY--PERSONAL NAME
Personal name Kandekar
9 (RLIN) 632264
245 #0 - TITLE STATEMENT
Title Kallak kadali
260 ## - PUBLICATION, DISTRIBUTION, ETC.
Date of publication, distribution, etc. 1965
650 ## - SUBJECT ADDED ENTRY--TOPICAL TERM
Topical term or geographic name entry element GUJRATI FICTION
942 ## - ADDED ENTRY ELEMENTS (KOHA)
Classification part O155,3M98,11, 31J4
Koha item type Textual
Source of classification or shelving scheme
Holdings
Withdrawn status Lost status Damaged status Not for loan Home library Current library Date acquired Total Checkouts Full call number Barcode Date last seen Price effective from Koha item type Public note
        Central Library Central Library 2022-10-05   O155,3M98,11 31J4 CL0163220 2022-10-05 2022-10-05 Textual Translated From Gujrati to Tamil
Copyright @ Delhi University Library System